HIV - AIDS and human rights / (Record no. 65964)

MARC details
000 -LEADER
fixed length control field 00559nam a22001577a 4500
005 - DATE AND TIME OF LATEST TRANSACTION
control field 2012050209569.0
020 ## - INTERNATIONAL STANDARD BOOK NUMBER
International Standard Book Number 8173413762
Terms of availability 1995.00
035 ## - SYSTEM CONTROL NUMBER
System control number B-217131
037 ## - SOURCE OF ACQUISITION
Stock number DPL
Source of stock number/acquisition ENG
100 ## - MAIN ENTRY--PERSONAL NAME
Personal name Srivastav, V.P.
245 ## - TITLE STATEMENT
Title HIV - AIDS and human rights /
Statement of responsibility, etc by V.P. Srivastav
260 ## - PUBLICATION, DISTRIBUTION, ETC. (IMPRINT)
Place of publication, distribution, etc Delhi
Name of publisher, distributor, etc Indian Publishers Distributors
Date of publication, distribution, etc 2006
300 ## - PHYSICAL DESCRIPTION
Extent xviii, 582p.
Dimensions 26 cms.
942 ## - ADDED ENTRY ELEMENTS (KOHA)
Source of classification or shelving scheme Dewey Decimal Classification
Item type English Books
Classification part 323.1
Call number suffix SRI
Holdings
Withdrawn status Lost status Not for loan Collection code Home library Current library Date acquired Cost, normal purchase price Full call number Barcode Cost, replacement price Koha item type
      Non-fiction Sarojini Nagar Sarojini Nagar 02/05/2012 1995.00 323.1 SRI B-217131 1995.00 English Books

© Delhi Public Library
Hit Counter
free hit counter